000 00521nam a2200229Ia 4500
003 0100
008 130303s9999 xx 000 0 und d
020 _a0415118468
040 _cARRUPELIB
050 _aBR65.M367L68 1996
100 _aLouth, Andrew
245 _aMaximus the confessor
260 _aNew York
260 _bRoutledge
260 _C1996
300 _aix
300 _b 230p. 22cm.
440 _aThe early church fathers
650 _aCHRISTIANITY
650 _bImagination
942 0 0 _01
999 _c13814
_d13814